Giovanni Sartori y la democracia /

Emisión del programa Nexos TV del 15 de agosto de 1996 y segundo de dos programas dedicados a conversar con Giovanni Sartori, una de las figuras clave de la ciencia política después de la Segunda Guerra Mundial. Blanca Heredia, secretaria académica del Centro de Investigación y Docencia Económicas (...

Descrizione completa

Salvato in:
Dettagli Bibliografici
Autore principale: Cordera Campos, Rolando (dir. general)
Altri autori: Sánchez Rebolledo, Adolfo (coordinación) (coordinación), Gutiérrez, Marcela (producción) (producción), Cordera Campos, Rolando (entrevista) (entrevista), Heredia, Blanca (entrevista) (entrevista), Merino, Mauricio (entrevista) (entrevista), Sánchez Rebolledo, Adolfo (guión) (guión), Aguilar Camín, Héctor (asesoría) (asesoría), Sartori, Giovanni (autor) (autor)
Natura: Videodisco
Lingua:spagnolo
Pubblicazione: México : Televisión Azteca, 1996, c1996
Serie:(Nexos TV ; 386)
Soggetti:
Tags: Aggiungi Tag
Nessun Tag, puoi essere il primo ad aggiungerne!!

MARC

LEADER 00000ngm^a2200000^a^4500
001 000275605
005 20250521000000.0
009 20260310111236.207
037 |a Acervo ITESO - Biblioteca 
041 |a ESP 
082 |a 320. 972  |b NEX V. 386 
100 |a Cordera Campos, Rolando  |e (dir. general) 
240 1 1 |a [Nexos TV] 
245 1 0 |a Giovanni Sartori y la democracia /  |c Dir. general de R. Cordera Campos. 
264 4 |a México :  |b Televisión Azteca,  |c 1996, c1996 
300 |a 1 videocasete VHS  |c (49 min.) 
336 |a imagen móvil bidimensional  |b tdi  |2 rdacontenido 
337 |a video  |b v  |2 rdamedio 
338 |a videocasete  |b vf  |2 rdasoporte 
440 1 |a (Nexos TV ;  |v 386) 
520 |a Emisión del programa Nexos TV del 15 de agosto de 1996 y segundo de dos programas dedicados a conversar con Giovanni Sartori, una de las figuras clave de la ciencia política después de la Segunda Guerra Mundial. Blanca Heredia, secretaria académica del Centro de Investigación y Docencia Económicas (CIDE); Mauricio Merino, académico del Centro de Estudios Internacionales de El Colegio de México, y Rolando Cordera Campos, director y conductor de Nexos TV, acompañan al italiano en este diálogo y discusión que tiene por tema eje la democracia. El primer programa, correspondiente a una semana después, cuenta con la participación de Soledad Loaeza, Sartori, Luis Carlos Ugalde y Cordera Campos, quienes se centran en los temas del presidencialismo y el parlamentarismo. 
546 |a En inglés, con subtítulos en español 
649 |a XX 
650 |a Politólogos Italianos -  |x Entrevistas 
650 |a Programas de Opinión y Debate 
650 |a Debates y el Arte de Discutir 
650 |a Democracia -  |x Tema Principal 
650 |a República 
650 |a Sistema Político 
650 |a Política -  |x Teoría 
650 |a Filosofía Política 
650 |a Sartori, Giovanni -  |x Tema Principal 
700 |a Sánchez Rebolledo, Adolfo  |e (coordinación) 
700 |a Gutiérrez, Marcela  |e (producción) 
700 |a Cordera Campos, Rolando  |e (entrevista) 
700 |a Heredia, Blanca  |e (entrevista) 
700 |a Merino, Mauricio  |e (entrevista) 
700 |a Sánchez Rebolledo, Adolfo  |e (guión) 
700 |a Aguilar Camín, Héctor  |e (asesoría) 
700 |a Sartori, Giovanni  |e (autor) 
910 |a Fondo General 
920 |a Audiovisuales - Videocasetes 
905 |a 301 
901 |a 0500072529  |b IT2  |c VIS  |u 20250521 
902 |a https://opac.biblio.iteso.mx/vufind/Record/000275605